Technical requirements for standars malaysian glove (SMG) (Record no. 43997)

MARC details
000 -LEADER
fixed length control field 00457nam a2200157Ia 4500
020 ## - INTERNATIONAL STANDARD BOOK NUMBER
ISBN 9832088038
082 ## - DEWEY DECIMAL CLASSIFICATION NUMBER
Classification number NR:62:678.06:685.4
Item number MRB;1
245 #0 - TITLE STATEMENT
Title Technical requirements for standars malaysian glove (SMG)
250 ## - EDITION STATEMENT
Edition statement Ed.2
260 ## - PUBLICATION, DISTRIBUTION, ETC. (IMPRINT)
Place of publication Kuala Lumpur
Name of publisher Malaysian Rubber Board
Year of publication 1999
490 ## - SERIES STATEMENT
Series statement SMG Publication.2
650 ## - SUBJECT ADDED ENTRY--TOPICAL TERM
Topical Term Natural rubber products
650 ## - SUBJECT ADDED ENTRY--TOPICAL TERM
Topical Term Protein analysis
942 ## - ADDED ENTRY ELEMENTS (KOHA)
Koha item type Books
Holdings
Withdrawn status Lost status Damaged status Not for loan Home library Current library Date acquired Source of acquisition Cost, normal purchase price Full call number Accession Number Koha item type
        RRII Library RRII Library 16/12/2021 Gift 15.00 NR:62:678.06:685.4 MRB;1 G00745 Books